| 000 | 01160nam a2200301 i 4500 | ||
|---|---|---|---|
| 001 | 46549 | ||
| 003 | ES-MaACL | ||
| 005 | 20230906161414.0 | ||
| 007 | t| | ||
| 008 | 030408s1967 sp a ||||1| spa d | ||
| 080 | _a821.134.2-321.2"19":061.75 | ||
| 111 | 2 |
_aConcurso Literario Popular del Club CCC ( _n8º. _d1996. _cSan Sebastián) _9136 |
|
| 245 | 1 | 0 |
_a[Obras finalistas / _c8º Concurso Literario Popular del Club CCC]. |
| 260 |
_aSan Sebastián : _bCCC, _c[1967] |
||
| 300 |
_a162 p. : _bil. ; _c20 cm. |
||
| 490 | 1 | _aEl salto de la fortuna | |
| 505 | 8 | _aContiene: El sol en el asfalto / por Rosario Barros Peña. La pasión azul / por Alejo F. Valenciano García. Malviviremos / por José Miguel Lana Fernández de Legaria | |
| 650 | 4 |
_aNovelas cortas españolas- _yS.XX. _915633 |
|
| 700 | 1 |
_aBarros Peña, Rosario. _926060 |
|
| 700 | 1 |
_aValenciano García, Alejo F. _9112577 |
|
| 700 | 1 |
_aLana Fernández de Legaria, José Miguel. _969885 |
|
| 740 | 3 | 2 | _aEl sol en el asfalto. |
| 740 | 3 | 2 | _aLa pasión azul. |
| 740 | 0 | 2 | _aMalviviremos. |
| 830 | 0 |
_aEl salto de la fortuna _9187286 |
|
| 852 |
_aES-MaACL _jC-33115 |
||
| 999 |
_c46549 _d46549 |
||